[Event "26th European Club Cup"]
[Site "Plovdiv BUL"]
[Date "2010.10.17"]
[Round "1"]
[White "Movsesian, Sergei"]
[Black "Relange, Eloi"]
[Result "1-0"]
[WhiteTitle "GM"]
[BlackTitle "GM"]
[WhiteElo "2723"]
[BlackElo "2468"]
[WhiteTeam "St.Petersburg Chess Club"]
[BlackTeam "Evry Grand Roque"]
[WhiteFideId "310204"]
[BlackFideId "600822"]
[EventDate "2010.10.17"]
[EventType "team"]

1. e4 c5 2. Nf3 d6 3. d4 cxd4 4. Nxd4 e6 5. Nc3 a6 6. g4 b5 7. Bg2 Bb7 8. Qe2
Nd7 9. a4 b4 10. Na2 e5 11. Nf5 a5 12. h4 Qc7 13. Be3 Ngf6 14. Ng3 Nc5 15. Bxc5
Qxc5 16. O-O-O Ba6 17. Qf3 Bc4 18. b3 Be6 19. Bh3 Rc8 20. Rd2 d5 21. g5 Nxe4 22.
Bxe6 fxe6 23. Nxe4 dxe4 24. Qxe4 g6 25. h5 Be7 26. Qg4 Qc6 27. Rh3 Rf8 28. hxg6
hxg6 29. Kb1 Rd8 30. Rxd8+ Bxd8 31. Qe2 e4 32. Rh6 Bb6 33. Rh2 Bd4 34. Qd2 Qc5
35. Qe2 Be5 36. Rh7 Rxf2 37. Qxe4 Rf1+ 38. Nc1 Rxc1+ 39. Kxc1 Qg1+ 40. Kd2 Bc3+
41. Ke2 Qe1+ 42. Kf3 Qf1+ 43. Kg4 Qg1+ 44. Kh3 Qf1+ 45. Qg2 Qf5+ 46. Kh2 Qe5+ 1-0

[Event "26th European Club Cup"]
[Site "Plovdiv BUL"]
[Date "2010.10.17"]
[Round "1"]
[White "Justo, Damian"]
[Black "Sakaev, Konstantin"]
[Result "0-1"]
[WhiteTitle "FM"]
[BlackTitle "GM"]
[WhiteElo "2326"]
[BlackElo "2607"]
[WhiteTeam "Evry Grand Roque"]
[BlackTeam "St.Petersburg Chess Club"]
[WhiteFideId "101168"]
[BlackFideId "4104226"]
[EventDate "2010.10.17"]
[EventType "team"]

1. d4 Nf6 2. Nf3 d5 3. c4 e6 4. Bg5 h6 5. Bxf6 Qxf6 6. Nc3 c6 7. e3 g6 8. Bd3
Bg7 9. Ne5 O-O 10. cxd5 exd5 11. O-O Re8 12. Rc1 Qe7 13. f4 Nd7 14. Rf2 Nf8 15.
Kh1 Bd7 16. Qf1 Rad8 17. a3 Bc8 18. Rf3 Qd6 19. b4 Re7 20. Qf2 Nh7 21. Rf1 Nf6
22. h3 b6 23. Qc2 Bb7 24. g4 Nd7 25. Kg1 Rde8 26. Ne2 Nf6 27. Ng3 Rc8 28. Bxg6
fxg6 29. Qxg6 Ne4 30. Nf5 Qe6 31. Nxh6+ Kf8 32. f5 Qf6 33. Qxf6+ Bxf6 34. Ng6+
Ke8 35. Nxe7 Kxe7 36. g5 Bxg5 37. Ng4 Ba6 38. f6+ Ke6 39. f7 Bxf1 40. f8=Q Rxf8
41. Rxf8 Bxh3 42. Ne5 Bxe3+ 0-1

[Event "26th European Club Cup"]
[Site "Plovdiv BUL"]
[Date "2010.10.17"]
[Round "1"]
[White "Moiseenko, Alexander"]
[Black "Van Haastert, Edwin"]
[Result "1-0"]
[WhiteTitle "GM"]
[BlackTitle "IM"]
[WhiteElo "2658"]
[BlackElo "2419"]
[WhiteTeam "Economist-SGSEU-1"]
[BlackTeam "LSG"]
[WhiteFideId "14102560"]
[BlackFideId "1003992"]
[EventDate "2010.10.17"]
[EventType "team"]

1. d4 d5 2. c4 c6 3. Nc3 dxc4 4. e4 b5 5. a4 b4 6. Nce2 e6 7. Ng3 Ba6 8. Nf3 Nf6
9. Bg5 Qa5 10. Be2 c3 11. bxc3 Bxe2 12. Qxe2 bxc3 13. O-O Nbd7 14. Bxf6 gxf6 15.
Rfc1 Bh6 16. Rc2 O-O 17. Qd3 Rab8 18. Rxc3 c5 19. d5 Rfd8 20. Nh5 Rb4 21. h3 Qc7
22. Rd1 1-0